000 00258nam a2200097Ia 4500
001 644945
005 20250826153614.0
008 250824s9999 xx 000 0 und d
245 0 _aDünya Çocukların Olsa Gökkuş Diz
_cGülten Dayıoğlu
260 _bALTIN
999 _c644945
_d644945